| 000 | 00535nam a22001817a 4500 | ||
|---|---|---|---|
| 003 | OSt | ||
| 005 | 20141120152555.0 | ||
| 008 | 121122t xxu||||| |||| 00| 0 eng d | ||
| 020 | _a0439574285 | ||
| 050 |
_aPZ 3 _b.D772 2003 |
||
| 100 |
_aDoyle, Arthur Conan _93560 |
||
| 245 |
_aThe adventures of sherlock holmes / _cSir Arthur Conan Doyle ; with an introduction by Eoin Colfer |
||
| 260 |
_aNew York, NY : _bScholastic Inc., _c2003. |
||
| 300 |
_a321 pages : _c18 cm. |
||
| 942 |
_2lcc _cBK |
||
| 999 |
_c276864 _d276864 |
||